00301nam a2200109Ia 4500008004100000082001700041100002600058245004100084250001200125260004300137300001100180150201s2012 xx 000 0 und d a423.951bHOR aHornby, Albert Sydney aOxford advanced learner's dictionary a8th Ed. bOxford University PressaN.Delhic2012 a1796p.